书目信息 |
| 题名: |
化工节能原理与技术
|
|
| 作者: | 冯霄 , 王彧斐 编著 | |
| 分册: | ||
| 出版信息: | 北京 化学工业出版社 2015.06 |
|
| 页数: | 372页 | |
| 开本: | 21cm | |
| 丛书名: | ||
| 单 册: | ||
| 中图分类: | TQ083 | |
| 科图分类: | ||
| 主题词: | 化学工业--节能 | |
| 电子资源: | ||
| ISBN: | 978-7-122-23401-8 | |
| 000 | 00952nam0 2200265 450 | |
| 001 | 0120151574150 | |
| 005 | 20170418143329.82 | |
| 010 | @a978-7-122-23401-8@dCNY38.00 | |
| 100 | @a20150526d2015 em y0chiy50 ea | |
| 101 | 0 | @achi |
| 102 | @aCN@b110000 | |
| 105 | @aak z 000yy | |
| 106 | @ar | |
| 200 | 1 | @a化工节能原理与技术@9hua gong jie neng yuan li yu ji shu@f冯霄,王彧斐编著 |
| 205 | @a4版 | |
| 210 | @a北京@c化学工业出版社@d2015.06 | |
| 215 | @a372页@c图@d21cm | |
| 330 | @a本书系统介绍了化工节能的理论与技术。包括节能的热力学原理,化工单元过程与设备的节能技术,过程系统节能技术中的夹点技术,采用过程集成方法使新鲜水用量和废水排放量最小的水系统集成技术以及氢系统优化。 | |
| 333 | @a化工领域工程技术人员的参考书以及化工专业学生 | |
| 606 | 0 | @a化学工业@x节能 |
| 690 | @aTQ083@v5 | |
| 701 | 0 | @a冯霄@9feng xiao@4编著 |
| 701 | 0 | @a王彧斐@9wang yu fei@4编著 |
| 801 | 0 | @aCN@b人天书店@c20150526 |
| 905 | @b984960-63@dTQ083@e300=4@f4 | |
| 化工节能原理与技术/冯霄,王彧斐编著.-4版.-北京:化学工业出版社,2015.06 |
| 372页:图;21cm |
| 使用对象:化工领域工程技术人员的参考书以及化工专业学生 |
| ISBN 978-7-122-23401-8:CNY38.00 |
| 本书系统介绍了化工节能的理论与技术。包括节能的热力学原理,化工单元过程与设备的节能技术,过程系统节能技术中的夹点技术,采用过程集成方法使新鲜水用量和废水排放量最小的水系统集成技术以及氢系统优化。 |
| ● |
| 相关链接 |
|
|
|
|
正题名:化工节能原理与技术
索取号:TQ083/300=4
 
预约/预借
| 序号 | 登录号 | 条形码 | 馆藏地/架位号 | 状态 | 备注 |
| 1 | 984960 | 209849609 | 第二样本阅览室/ [索取号:TQ083/300=4] | 在馆 | |
| 2 | 984961 | 209849618 | 密集书库-化学系/ [索取号:TQ083/300=4] | 在馆 | |
| 3 | 984962 | 209849627 | 第三借阅区/ [索取号:TQ083/300=4] | 在馆 | |
| 4 | 984963 | 209849636 | 第三借阅区/ [索取号:TQ083/300=4] | 在馆 |